Estudio geológico y petrográfico de la Serranía de Ronda, (Record no. 25957)

MARC details
000 -LEADER
fixed length control field 01023cam a22002651 4500
001 - CONTROL NUMBER
control field gs 19000377
003 - CONTROL NUMBER IDENTIFIER
control field DLC
005 - DATE AND TIME OF LATEST TRANSACTION
control field 20260227111323.0
008 - FIXED-LENGTH DATA ELEMENTS--GENERAL INFORMATION
fixed length control field 850520s1917 sp abf b 000 0 spa c
010 ## - LIBRARY OF CONGRESS CONTROL NUMBER
LC control number gs 19000377
035 ## - SYSTEM CONTROL NUMBER
System control number (OCoLC)12057823
040 ## - CATALOGING SOURCE
Original cataloging agency Library, U.S. Geological Survey
Transcribing agency DSI
Modifying agency DLC
042 ## - AUTHENTICATION CODE
Authentication code premarc
050 00 - LIBRARY OF CONGRESS CALL NUMBER
Classification number QE283.A4
Item number S4
100 2# - MAIN ENTRY--PERSONAL NAME
Personal name Orueta y Duarte, Domingo de.
245 00 - TITLE STATEMENT
Title Estudio geológico y petrográfico de la Serranía de Ronda,
Statement of responsibility, etc. por D. Domingo de Orueta ...
260 ## - PUBLICATION, DISTRIBUTION, ETC.
Place of publication, distribution, etc. Madrid,
Name of publisher, distributor, etc. Imprenta de J. Palacios,
Date of publication, distribution, etc. 1917.
300 ## - PHYSICAL DESCRIPTION
Extent xxvii, 571 p.
Other physical details diagrs.
Dimensions 27 cm. and
Accompanying material atlas of 3 p. l., XVI col. pl., 2 fold. maps, fold. col. diagr.
490 0# - SERIES STATEMENT
Series statement Memorias del Instituto geológico de España
500 ## - GENERAL NOTE
General note Each plate of atlas preceded by leaf with descriptive letterpress.
504 ## - BIBLIOGRAPHY, ETC. NOTE
Bibliography, etc. note "Notas bibliográficas sobre la Serranía de Ronda": p. 1-76.
650 #0 - SUBJECT ADDED ENTRY--TOPICAL TERM
Topical term or geographic name entry element Geology
Geographic subdivision Spain.
650 #0 - SUBJECT ADDED ENTRY--TOPICAL TERM
Topical term or geographic name entry element Petrology
Geographic subdivision Spain.
710 2# - ADDED ENTRY--CORPORATE NAME
Corporate name or jurisdiction name as entry element Instituto Geológico de España.
Title of a work Memorias.

No items available.

Powered by Koha